|
|
|
|
| LEADER |
00000nab a2200000 a 4500 |
| 001 |
vtls000781222 |
| 003 |
SK-MaSNL |
| 005 |
20260304103819.0 |
| 008 |
250429c2001 xo 0 slo |
| 015 |
|
|
|a SNBRB2002/02-03392
|
| 035 |
|
|
|a CLN000132956
|
| 035 |
|
|
|a urn:nbn:sk:snk-abn7m
|
| 035 |
|
|
|a (urnnbn)urn:nbn:sk:snk:ar-a04eh2
|
| 035 |
|
|
|a (uuid)0a2de204-523b-49bd-b3c7-14409ff51319
|
| 040 |
|
|
|a SNKBUCL
|b slo
|c SNKBUCL
|e AACR2
|
| 041 |
0 |
|
|a slo
|
| 044 |
|
|
|a xo
|c SK
|
| 080 |
|
|
|a 339.166(437.6):664.1
|2 1997
|
| 080 |
|
|
|a 633.63(437.6)
|2 1997
|
| 080 |
|
|
|a 664.12(437.6)
|2 1997
|
| 100 |
1 |
|
|a Meravá, Eva
|4 aut
|9 22233
|
| 245 |
1 |
0 |
|a Stav a výhľad trhu s cukrom na Slovensku
|c Eva Meravá
|
| 300 |
|
|
|b Fotogr., tab.
|
| 650 |
0 |
7 |
|a cukor
|x trh
|z Slovensko
|y 1995-2002
|2 snkbucl
|9 1402847
|
| 650 |
0 |
7 |
|a cukrová repa
|2 snkbucl
|9 81965
|
| 650 |
0 |
7 |
|a trh
|2 snkbucl
|9 406496
|
| 655 |
|
7 |
|a články z novín a časopisov
|2 snkbucl
|9 267496
|
| 773 |
0 |
|
|t Naše pole
|g Roč. 5, č. 9 (2001), s. 10
|x 1335-2466
|
| 850 |
|
|
|a Slovenská národná knižnica
|
| 852 |
|
|
|a Slovenská národná knižnica
|
| 954 |
|
|
|a odborná, vedecká literatúra pôvodná (slovenská)
|2 lita
|
| 958 |
|
|
|a article27
|
| 958 |
|
|
|a SK
|
| 958 |
|
|
|a OND
|
| 958 |
|
|
|a EUIPO
|
| 992 |
|
|
|a RBX
|
| 999 |
|
|
|c 2849913
|d 2851843
|